Estadísticas para Verbos Franceses

Haz click aquí para intentar la prueba.

Estadísticas generales

  • Esta prueba ha sido intentada 585 veces
  • La puntuación promedio es 23 de 26

Estadísticas de respuestas

FrançaisEspañol% Correcto
FumerFumar
97%
DanserBailar
95%
ParlerHablar
95%
VivreVivir
95%
MangerComer
94%
VoyagerViajar
93%
ChanterCantar
92%
CuisinerCocinar
92%
AimerAmar
91%
ÉcrireEscribir
91%
DireDecir
90%
AllerIr
90%
TravaillerTrabajar
90%
JouerJugar
89%
VendreVender
88%
ÊtreSer
84%
FinirTerminar
84%
LireLeer
82%
SavoirSaber
82%
VoirVer
81%
BoireBeber
80%
VouloirQuerer
77%
AvoirTener
76%
CompterContar
75%
SortirSalir
75%
NagerNadar
73%

Distribución de puntuación

Porcentaje por número respondido

Porcentaje de gente con cada puntuación

Historial de tus puntuaciones

No has intentado esta prueba.